000
00326nam a22001337a 4500
020
_a
0824206592
082
_a
025.21 BRO
100
_a
Broadus N. Robert
245
_a
Selecting Materials for Libraries
260
_a
NEW YORK
_b
THE H. W. WILSON COMPANY
_c
1981
300
_a
x,469p
_b
ill.;22cm
500
_a
INDEX
942
_c
BK
999
_c
19144
_d
19144